LEADER 01117nam 2200277 450 001 996698281003316 005 20260308114041.0 100 $a20260113d1978----km y0itay5003 ba 101 0 $aita 102 $aIT 105 $ay 00 y 200 1 $aIncorporazione di una società per azioni esercente il credito in un istituto di credito di diritto pubblico, pregiudizio dello status socii e situazione patrimoniale$fGiovanni Grippo 210 $aMilano$cGiuffrè$d1978 215 $a665-687 p.$d24 cm 300 $aTitolo della copertina 300 $aEstratto da: Giurisprudenza commerciale, anno 5, fasc. 5 (1978) 606 0 $aBanche di diritto pubblico$xSentenze$yItalia$xCommenti$2BNCF 676 $a346.45082 700 1$aGRIPPO,$bGiovanni$0227064 801 0$aIT$bcba$gREICAT 912 $a996698281003316 951 $aXVI.7.Misc. 1433$b1452 FBUO$cXVI.7.Misc. 959 $aBK 969 $aFBUO 996 $aIncorporazione di una società per azioni esercente il credito in un istituto di credito di diritto pubblico, pregiudizio dello status socii e situazione patrimoniale$94523570 997 $aUNISA